00311 a2200109 4500001000700000020000600007040001100013100003300024240007000057245006500127362000900192169032 a  cMagnum aLassance, Maria Celia (Org.)10aTecnicas para o trabalho de orientacao profissional em grupolpor10aTecnicas para o trabalho de orientacao profissional em grupo0 a1899